000 00410cam a22001457a 4500
008 180718b1973 xxu||||| |||| 00| 0 eng d
082 _aA2x54 Si64/73
100 _aSingh, Sher
245 _aIndian books in print 1973
_cby Sher Singh and S.N. Sadhu
250 _a3rd ed.
260 _aDelhi
_bIndian Bureau of Bibliographics
_c1973
300 _a3v.
650 _aIndia - Bibliography
700 _aSadhu, S.N.
999 _c353495
_d353495